[Event "GEO-ch 83rd"]
[Site "Tbilisi"]
[Date "2024.02.05"]
[Round "7"]
[White "Sanikidze, Tornike"]
[Black "Kacharava, Nikoloz"]
[Result "0-1"]
[WhiteElo "2449"]
[BlackElo "2523"]
[PlyCount "114"]
[EventDate "2024.01.29"]
[EventType "tourn"]
[EventRounds "9"]
[EventCountry "GEO"]
[EventCategory "9"]
[SourceTitle "CB07_2024"]
[SourceDate "2024.02.14"]
[SourceVersion "1"]
[SourceVersionDate "2024.02.14"]
[SourceQuality "1"]

1. d4 d5 2. c4 e6 3. Nf3 Nf6 4. e3 Be7 5. cxd5 exd5 6. g3 0-0 7. Bg2 Nbd7 8. 0-0 c6 9. b3 Re8 10. Ba3 Bxa3 11. Nxa3 Ne4 12. Nb1 Nf8 13. Ne5 Nd6 14. Nc3 f6 15. Nd3 Bf5 16. Re1 Bxd3 17. Qxd3 f5 18. b4 Nd7 19. b5 Nb6 20. bxc6 bxc6 21. Rac1 Rb8 22. Re2 Kh8 23. f3 Qg5 24. Rce1 Nbc4 25. e4 f4 26. gxf4 Qxf4 27. exd5 Rxe2 28. Nxe2 Qh4 29. Rb1 Rxb1+ 30. Qxb1 Qe7 31. Nf4 Qe3+ 32. Kh1 Nb6 33. Nd3 cxd5 34. Ne5 Qxd4 35. Qe1 Qf4 36. Nd3 Qf5 37. Qe7 h6 38. Qxa7 Qxd3 39. Qxb6 d4 40. h4 Nf5 41. Qg6 Qb1+ 42. Kh2 Qb8+ 43. Kh3 Qc8 44. f4 d3 45. Be4 Ne7+ 46. Qg4 Qc4 47. f5 d2 48. Bf3 Qf1+ 49. Kh2 Qf2+ 50. Kh3 Qf1+ 51. Kh2 Qf2+ 52. Kh3 Nd5 53. f6 Nxf6 54. Qc8+ Ng8 55. Bd5 Qe3+ 56. Kg2 Qe2+ 57. Kh3 Qf1+ 0-1

[Event "Tbilisi Champions Cup"]
[Site "Tbilisi"]
[Date "2023.10.18"]
[Round "6"]
[White "Kiladze, Luka"]
[Black "Sanikidze, Tornike"]
[Result "0-1"]
[WhiteElo "2163"]
[BlackElo "2475"]
[PlyCount "84"]
[EventDate "2023.10.13"]
[EventType "swiss"]
[EventRounds "9"]
[EventCountry "GEO"]
[SourceTitle "Mega2024 Update 01"]
[Source "Chessbase"]
[SourceDate "2023.11.12"]
[SourceVersion "1"]
[SourceVersionDate "2023.11.12"]
[SourceQuality "1"]

1. d4 d6 2. e4 c6 3. Nc3 e5 4. Be3 Qc7 5. h3 Nf6 6. Nf3 Be7 7. a4 0-0 8. Be2 Re8 9. 0-0 Bf8 10. d5 Nbd7 11. a5 a6 12. Nd2 cxd5 13. exd5 b5 14. axb6 Nxb6 15. Bxb6 Qxb6 16. Na4 Qc7 17. c4 Rb8 18. b3 e4 19. Rc1 Nd7 20. Bg4 g6 21. Bxd7 Bxd7 22. Nc3 f5 23. Ne2 Bg7 24. c5 dxc5 25. Nc4 Bb5 26. Qd2 Rbd8 27. Rfd1 Qf7 28. h4 Rd7 29. Nf4 Bh6 30. g3 Qf6 31. Qc3 Qd8 32. d6 Bxf4 33. gxf4 Qxh4 34. Ne5 Be2 35. Qg3 Qxg3+ 36. fxg3 Rxe5 37. fxe5 Bxd1 38. Rxd1 Kf7 39. Rd5 Ke6 40. Rxc5 Rb7 41. Kf2 Rxb3 42. Ke2 Rb5 0-1

[Event "Tbilisi Champions Cup"]
[Site "Tbilisi"]
[Date "2023.10.16"]
[Round "4"]
[White "Quparadze, Giga"]
[Black "Sanikidze, Tornike"]
[Result "1-0"]
[WhiteElo "2494"]
[BlackElo "2475"]
[PlyCount "87"]
[EventDate "2023.10.13"]
[EventType "swiss"]
[EventRounds "9"]
[EventCountry "GEO"]
[SourceTitle "Mega2024 Update 01"]
[Source "Chessbase"]
[SourceDate "2023.11.12"]
[SourceVersion "1"]
[SourceVersionDate "2023.11.12"]
[SourceQuality "1"]

1. e4 e5 2. Nf3 Nc6 3. Bb5 a6 4. Ba4 Nf6 5. 0-0 b5 6. Bb3 Bb7 7. d3 Be7 8. a4 0-0 9. Nc3 Nd4 10. Ba2 d5 11. exd5 b4 12. Ne4 Bxd5 13. Bxd5 Nxf3+ 14. Qxf3 Nxd5 15. Nd2 Bg5 16. Re1 f6 17. Nb3 Bxc1 18. Raxc1 Qd6 19. d4 Rae8 20. Rcd1 exd4 21. Nxd4 Rxe1+ 22. Rxe1 Nf4 23. Nf5 Qd2 24. Kf1 g6 25. Rd1 Qe2+ 26. Qxe2 Nxe2 27. Ne7+ Kf7 28. Nd5 c6 29. Nxb4 c5 30. Nxa6 Nd4 31. Nxc5 Nxc2 32. Rd7+ Kg8 33. Ke2 Rc8 34. Nb7 Rc6 35. Rd6 Rc7 36. Rb6 Nd4+ 37. Kd3 Nc6 38. f4 Ne7 39. g3 Rd7+ 40. Ke2 Nd5 41. Rb5 Re7+ 42. Kd3 Nc7 43. Ra5 Ne6 44. Nc5 1-0

[Event "Tbilisi Champions Cup"]
[Site "Tbilisi"]
[Date "2023.10.13"]
[Round "1"]
[White "Sanikidze, Tornike"]
[Black "Gabadadze, Gabriel"]
[Result "1-0"]
[WhiteElo "2475"]
[BlackElo "1910"]
[PlyCount "112"]
[EventDate "2023.10.13"]
[EventType "swiss"]
[EventRounds "9"]
[EventCountry "GEO"]
[SourceTitle "Mega2024 Update 01"]
[Source "Chessbase"]
[SourceDate "2023.11.12"]
[SourceVersion "1"]
[SourceVersionDate "2023.11.12"]
[SourceQuality "1"]

1. d4 Nf6 2. c4 e6 3. Nf3 b6 4. a3 Ba6 5. Qb3 d5 6. cxd5 exd5 7. Nc3 Be7 8. Bg5 c6 9. Bxf6 Bxf6 10. e4 Bxf1 11. Rxf1 dxe4 12. Nxe4 0-0 13. 0-0-0 Nd7 14. Rfe1 Qc7 15. Kb1 Qf4 16. Re3 c5 17. d5 b5 18. Qxb5 Rab8 19. Nxf6+ Qxf6 20. Qe2 Nb6 21. Ne5 Na4 22. Rd2 Rfe8 23. Ka1 Qd6 24. Nc6 Rxe3 25. Qxe3 Rf8 26. Qe5 Qxe5 27. Nxe5 Rd8 28. Nc4 Nb6 29. Nxb6 axb6 30. Ka2 Kf8 31. Kb3 Ke7 32. Kc4 Kd6 33. Kb5 Rb8 34. f4 h5 35. f5 h4 36. h3 Ra8 37. Kxb6 Rb8+ 38. Ka7 Rb5 39. Ka6 Rb8 40. Ka5 Rb3 41. Ka4 c4 42. Ka5 Rb8 43. Ka6 Rb3 44. a4 Rb4 45. a5 Rb3 46. Ka7 Rb5 47. a6 Rb4 48. Ka8 Rb6 49. a7 Rb4 50. Rd4 g6 51. f6 g5 52. b3 Rxb3 53. Rxc4 Kxd5 54. Rc7 Ke6 55. Rb7 Ra3 56. Rb6+ Kd5 1-0

[Event "TUR-chT 2nd League"]
[Site "Denizli"]
[Date "2023.07.11"]
[Round "4.21"]
[White "Sanikidze, Tornike"]
[Black "Cakiroglu, Metin"]
[Result "1-0"]
[WhiteElo "2495"]
[BlackElo "2000"]
[PlyCount "87"]
[EventDate "2023.07.09"]
[EventType "team-swiss"]
[EventRounds "9"]
[EventCountry "TUR"]
[SourceTitle "CBM 215 Extra"]
[Source "ChessBase"]
[SourceDate "2023.09.30"]
[SourceVersion "1"]
[SourceVersionDate "2023.09.30"]
[SourceQuality "1"]
[WhiteTeam "Canakkale Apaydin"]
[BlackTeam "Cesme Belediye"]
[WhiteTeamCountry "TUR"]
[BlackTeamCountry "TUR"]

1. d4 d5 2. Nf3 Nf6 3. c4 c5 4. e3 e6 5. Nc3 Nc6 6. a3 a6 7. dxc5 Bxc5 8. b4 Ba7 9. Bb2 dxc4 10. Bxc4 b5 11. Bd3 Bb7 12. Ne4 Qe7 13. Rc1 Rd8 14. Nxf6+ gxf6 15. Qe2 Rg8 16. Bxh7 Rxg2 17. Kf1 Rg7 18. Be4 Ne5 19. Bxb7 Qxb7 20. Bxe5 fxe5 21. Rg1 Rxg1+ 22. Nxg1 Qe4 23. Qh5 Bb8 24. Nf3 Bd6 25. Qxf7+ Kxf7 26. Ng5+ Ke7 27. Nxe4 a5 28. Nxd6 Rxd6 29. Rc5 a4 30. Rxe5 Rd3 31. Rxb5 Rxa3 32. Ra5 Ra1+ 33. Kg2 a3 34. h4 Kf6 35. b5 Kf5 36. Kf3 e5 37. b6 Rb1 38. e4+ Kf6 39. Rxa3 Rxb6 40. Kg4 Rb2 41. Ra6+ Kf7 42. f3 Rg2+ 43. Kf5 Rg3 44. Ra3 1-0

[Event "FRA-chT Top 16 Gp Basse"]
[Site "Chartres"]
[Date "2023.06.08"]
[Round "1.3"]
[White "Kulaots, Kaido"]
[Black "Sanikidze, Tornike"]
[Result "1/2-1/2"]
[WhiteElo "2509"]
[BlackElo "2491"]
[PlyCount "83"]
[EventDate "2023.06.08"]
[EventType "team-tourn"]
[EventRounds "4"]
[EventCountry "FRA"]
[SourceTitle "CBM 214 Extra"]
[Source "ChessBase"]
[SourceDate "2023.07.31"]
[SourceVersion "1"]
[SourceVersionDate "2023.07.31"]
[SourceQuality "1"]
[WhiteTeam "St Quentin"]
[BlackTeam "Strasbourg"]
[WhiteTeamCountry "FRA"]
[BlackTeamCountry "FRA"]

1. e4 e5 2. Nf3 Nc6 3. Bb5 a6 4. Ba4 Nf6 5. 0-0 b5 6. Bb3 Bc5 7. a4 Rb8 8. c3 d6 9. d4 Bb6 10. a5 Ba7 11. h3 Bb7 12. Be3 Nxe4 13. Re1 exd4 14. cxd4 d5 15. Nc3 Ne7 16. Nxe4 dxe4 17. Ng5 Bd5 18. Nxe4 Qd7 19. Bc2 0-0 20. Ng5 h6 21. Nf3 Ng6 22. Bxg6 fxg6 23. Ne5 Qd6 24. b4 Rbe8 25. Qd2 c6 26. Qc3 Bb8 27. Rac1 Qe6 28. Bd2 Qf5 29. f3 Bxe5 30. dxe5 Bc4 31. Rcd1 Rd8 32. Be3 Rxd1 33. Rxd1 Re8 34. Bd4 Rd8 35. Re1 Rd7 36. Qe3 g5 37. Bc5 Rd3 38. Qe4 Qxe4 39. Rxe4 Kf7 40. Rd4 Rxd4 41. Bxd4 Ke6 42. Kf2 1/2-1/2

[Event "FRA-chT Top 16 GpA"]
[Site "Chartres"]
[Date "2023.06.07"]
[Round "7.3"]
[White "Ter Sahakyan, Samvel"]
[Black "Sanikidze, Tornike"]
[Result "1/2-1/2"]
[WhiteElo "2617"]
[BlackElo "2475"]
[PlyCount "75"]
[EventDate "2023.06.01"]
[EventType "team-tourn"]
[EventRounds "7"]
[EventCountry "FRA"]
[SourceTitle "CBM 214 Extra"]
[Source "ChessBase"]
[SourceDate "2023.07.31"]
[SourceVersion "1"]
[SourceVersionDate "2023.07.31"]
[SourceQuality "1"]
[WhiteTeam "Lyon"]
[BlackTeam "Strasbourg"]
[WhiteTeamCountry "FRA"]
[BlackTeamCountry "FRA"]

1. d4 Nf6 2. c4 e6 3. Nc3 d5 4. cxd5 Nxd5 5. e4 Nxc3 6. bxc3 c5 7. Rb1 Be7 8. Nf3 0-0 9. h4 b6 10. Bd3 Ba6 11. e5 Bxd3 12. Qxd3 cxd4 13. cxd4 Nc6 14. Qe4 Qd5 15. Qxd5 exd5 16. Ke2 f6 17. Be3 fxe5 18. Nxe5 Rac8 19. Nf3 Na5 20. Rhc1 Nc4 21. g3 Bd6 22. h5 Nxe3 23. fxe3 Bxg3 24. Rxc8 Rxc8 25. Rb5 Rd8 26. Ng5 h6 27. Kf3 hxg5 28. Kxg3 Kh7 29. Kg4 Kh6 30. a4 Rd7 31. a5 Rd6 32. axb6 axb6 33. Rb3 Re6 34. Rb5 Re4+ 35. Kf3 g4+ 36. Kf2 g3+ 37. Kxg3 Rxe3+ 38. Kf4 1/2-1/2

[Event "Baku op"]
[Site "Baku"]
[Date "2023.05.11"]
[Round "8"]
[White "Sanikidze, Tornike"]
[Black "Muradli, Mahammad"]
[Result "0-1"]
[WhiteElo "2475"]
[BlackElo "2531"]
[PlyCount "148"]
[EventDate "2023.05.04"]
[EventType "swiss"]
[EventRounds "9"]
[EventCountry "AZE"]
[SourceTitle "CBM 214 Extra"]
[Source "ChessBase"]
[SourceDate "2023.07.31"]
[SourceVersion "1"]
[SourceVersionDate "2023.07.31"]
[SourceQuality "1"]

1. d4 Nf6 2. c4 e6 3. Nf3 d5 4. Nc3 dxc4 5. e3 a6 6. a4 c5 7. Bxc4 Nc6 8. 0-0 Bd6 9. Qe2 0-0 10. Rd1 Qe7 11. h3 b6 12. dxc5 bxc5 13. b3 Bb7 14. Bb2 Rfd8 15. Rab1 h6 16. Ba1 Qc7 17. Bd3 Ne7 18. Nd2 Nf5 19. Nde4 Bh2+ 20. Kh1 Be5 21. Nxf6+ Bxf6 22. Be4 Rxd1+ 23. Qxd1 Bxc3 24. Bxb7 Rd8 25. Qf3 Bxa1 26. Rxa1 Qb6 27. Qc6 Qxb3 28. Bxa6 Rd1+ 29. Rxd1 Qxd1+ 30. Kh2 Qd6+ 31. Qxd6 Nxd6 32. a5 Kf8 33. Bb7 Ke7 34. a6 Nb5 35. Bc6 Na7 36. Ba4 Kd6 37. Kg3 Nc6 38. Kf3 Kc7 39. Ke4 Ne7 40. Be8 f6 41. Bf7 Kb6 42. Bxe6 Kxa6 43. h4 Kb5 44. h5 Kc6 45. g4 Kd6 46. Bb3 Nc8 47. f4 Ne7 48. Bf7 Kc6 49. Be8+ Kb6 50. g5 hxg5 51. fxg5 fxg5 52. Bf7 Kc7 53. Ke5 Nc6+ 54. Kf5 g4 55. Kf4 Kd6 56. Bb3 Ne5 57. Bg8 Nd7 58. e4 Ne5 59. Bd5 Ke7 60. Bb3 Kf6 61. Bd5 Ke7 62. Bb3 Kf6 63. Bd5 c4 64. Bxc4 Nxc4 65. Kxg4 Ne5+ 66. Kf4 Nf7 67. Kg4 Ke5 68. Kf3 Nh6 69. Ke3 Ng4+ 70. Kf3 Nf6 71. Kg3 Nxh5+ 72. Kh4 Nf6 73. Kg5 Kxe4 74. Kg6 Ne8 0-1

[Event "Baku op"]
[Site "Baku"]
[Date "2023.05.09"]
[Round "6"]
[White "Sanikidze, Tornike"]
[Black "Mendonca, Leon Luke"]
[Result "1/2-1/2"]
[WhiteElo "2475"]
[BlackElo "2596"]
[PlyCount "128"]
[EventDate "2023.05.04"]
[EventType "swiss"]
[EventRounds "9"]
[EventCountry "AZE"]
[SourceTitle "CBM 214 Extra"]
[Source "ChessBase"]
[SourceDate "2023.07.31"]
[SourceVersion "1"]
[SourceVersionDate "2023.07.31"]
[SourceQuality "1"]

1. e4 c5 2. Nf3 d6 3. Bb5+ Nd7 4. d4 cxd4 5. Qxd4 a6 6. Bxd7+ Bxd7 7. Nc3 e5 8. Qd3 Rc8 9. Bg5 Qc7 10. Nd2 h6 11. Bh4 Be6 12. Nf1 Be7 13. Bxe7 Nxe7 14. 0-0-0 d5 15. exd5 Nxd5 16. Nxd5 Bxd5 17. Ne3 Be6 18. Qd6 Bxa2 19. Rhe1 Be6 20. Qxc7 Rxc7 21. Nd5 Bxd5 22. Rxd5 f6 23. f4 Kf7 24. fxe5 Re8 25. Rf1 Ke6 26. Rfd1 fxe5 27. Rxe5+ Kxe5 28. Re1+ Kf4 29. Rxe8 Rd7 30. Re6 h5 31. c4 h4 32. Kc2 g5 33. b4 g4 34. c5 Rd4 35. Kc3 Re4 36. Rh6 Re2 37. Rxh4 Rxg2 38. Rh7 Ke5 39. Kb3 Kd5 40. Rxb7 Rxh2 41. Rg7 Rh1 42. Rxg4 a5 43. Rg5+ Kc6 44. Rg6+ Kc7 45. b5 Rb1+ 46. Kc4 Rb4+ 47. Kd5 Rxb5 48. Rg7+ Kb8 49. Kd6 Rb1 50. Rg8+ Ka7 51. c6 Rd1+ 52. Kc7 Rh1 53. Kd8 Kb6 54. c7 Rd1+ 55. Kc8 Rc1 56. Rg6+ Kb5 57. Kb7 Rxc7+ 58. Kxc7 a4 59. Kd6 a3 60. Kd5 a2 61. Rg1 Kb4 62. Kd4 Kb3 63. Ra1 Kb2 64. Rxa2+ Kxa2 1/2-1/2

[Event "EU-ch 23rd"]
[Site "Vrnjacka Banja"]
[Date "2023.03.12"]
[Round "10"]
[White "Pechac, Jergus"]
[Black "Sanikidze, Tornike"]
[Result "1-0"]
[WhiteElo "2598"]
[BlackElo "2459"]
[PlyCount "67"]
[EventDate "2023.03.03"]
[EventType "swiss"]
[EventRounds "11"]
[EventCountry "SRB"]
[SourceTitle "CBM 213"]
[Source "ChessBase"]
[SourceDate "2023.04.30"]
[SourceVersion "1"]
[SourceVersionDate "2023.04.30"]
[SourceQuality "1"]

1. d4 Nf6 2. c4 e6 3. Nc3 d5 4. cxd5 Nxd5 5. e4 Nxc3 6. bxc3 c5 7. Rb1 Be7 8. Bb5+ Nd7 9. a4 0-0 10. Nf3 a6 11. Bd3 cxd4 12. cxd4 e5 13. d5 Nc5 14. Nxe5 Nxd3+ 15. Qxd3 f5 16. Qb3 Bd6 17. Nc4 Re8 18. 0-0 fxe4 19. Ba3 Bxa3 20. Qxa3 Rb8 21. Rfd1 Bg4 22. Rd2 b5 23. axb5 Rxb5 24. Rxb5 axb5 25. Ne3 Bd7 26. d6 Qa8 27. Qb2 Qa5 28. h3 b4 29. Qb3+ Kf8 30. Nd5 Rb8 31. Ne7 Qa1+ 32. Rd1 Qxd1+ 33. Qxd1 b3 34. Qd5 1-0

[Event "EU-ch 23rd"]
[Site "Vrnjacka Banja"]
[Date "2023.03.10"]
[Round "8"]
[White "Sanikidze, Tornike"]
[Black "Nesterov, Arseniy"]
[Result "1-0"]
[WhiteElo "2459"]
[BlackElo "2568"]
[PlyCount "69"]
[EventDate "2023.03.03"]
[EventType "swiss"]
[EventRounds "11"]
[EventCountry "SRB"]
[SourceTitle "CBM 213"]
[Source "ChessBase"]
[SourceDate "2023.04.30"]
[SourceVersion "1"]
[SourceVersionDate "2023.04.30"]
[SourceQuality "1"]

1. e4 e5 2. Nf3 Nc6 3. Bb5 a6 4. Ba4 Nf6 5. 0-0 Be7 6. Bxc6 dxc6 7. d3 Nd7 8. b3 0-0 9. Bb2 f6 10. Nh4 g6 11. Nc3 Nc5 12. Ne2 f5 13. Nf3 fxe4 14. Nxe5 exd3 15. cxd3 Bf6 16. Qc2 Ne6 17. f4 Bg7 18. Rae1 Qd5 19. Kh1 g5 20. Ng4 Nd4 21. Bxd4 Bxg4 22. Bxg7 Kxg7 23. Nc3 Qc5 24. d4 Qd6 25. Ne4 Qg6 26. Qc3 gxf4 27. h3 Rae8 28. d5+ Kh6 29. hxg4 Rxe4 30. g5+ Kh5 31. Qf3+ Kxg5 32. Rxe4 cxd5 33. Re5+ Kh6 34. Rfe1 Kg7 35. Qxd5 1-0

[Event "EU-ch 23rd"]
[Site "Vrnjacka Banja"]
[Date "2023.03.09"]
[Round "7"]
[White "Bazakutsa, Svyatoslav"]
[Black "Sanikidze, Tornike"]
[Result "0-1"]
[WhiteElo "2335"]
[BlackElo "2459"]
[PlyCount "146"]
[EventDate "2023.03.03"]
[EventType "swiss"]
[EventRounds "11"]
[EventCountry "SRB"]
[SourceTitle "CBM 213"]
[Source "ChessBase"]
[SourceDate "2023.04.30"]
[SourceVersion "1"]
[SourceVersionDate "2023.04.30"]
[SourceQuality "1"]

1. c4 e5 2. Nc3 Nf6 3. Nf3 Nc6 4. e4 h6 5. a3 d6 6. Be2 Nd4 7. Nxd4 exd4 8. Nd5 Nxe4 9. 0-0 c6 10. Re1 cxd5 11. cxd5 f5 12. Bh5+ Kd7 13. Qc2 Qh4 14. d3 Qxh5 15. dxe4 fxe4 16. Bd2 Qxd5 17. Rac1 Ke6 18. Rxe4+ Kf7 19. Rf4+ Kg8 20. Qg6 Bd7 21. Rc7 Qe6 22. Qg3 Rc8 23. Rxc8 Bxc8 24. Rxd4 Be7 25. Bc3 Kf7 26. Rxd6 Qxd6 27. Qxg7+ Ke6 28. Qg4+ Kf7 29. Qg7+ Ke8 30. Qxh8+ Kd7 31. h3 b6 32. Qg7 a5 33. Be5 Qe6 34. Bg3 Bb7 35. Qd4+ Qd5 36. Qg4+ Kd8 37. f3 Bf6 38. Kh2 Be5 39. Qh4+ Kc8 40. Qxh6 Bxg3+ 41. Kxg3 Qe5+ 42. Qf4 Qxb2 43. Qd6 Qg7+ 44. Kf2 Qc7 45. Qxc7+ Kxc7 46. h4 Kd6 47. h5 Ke7 48. Ke3 Kf6 49. g4 Kg5 50. f4+ Kh6 51. f5 Kg5 52. Kd4 Bf3 53. Kc4 Be2+ 54. Kd5 b5 55. Kc5 Bd3 56. Kd4 Bf1 57. Ke5 Bc4 58. Kd4 Bb3 59. Kc5 Ba4 60. h6 Kxh6 61. f6 Kg6 62. g5 Kf7 63. Kd5 Bd1 64. Ke5 Be2 65. Kd5 b4 66. axb4 axb4 67. Kd4 Bb5 68. Ke3 Bc4 69. Kd4 b3 70. Kc3 Be6 71. Kb2 Kg6 72. Kc3 Kxg5 73. f7 Bxf7 0-1

[Event "GEO-ch 82nd"]
[Site "Tbilisi"]
[Date "2023.01.06"]
[Round "3"]
[White "Quparadze, Giga"]
[Black "Sanikidze, Tornike"]
[Result "1-0"]
[WhiteElo "2461"]
[BlackElo "2444"]
[PlyCount "107"]
[EventDate "2023.01.04"]
[EventType "tourn"]
[EventRounds "9"]
[EventCountry "GEO"]
[EventCategory "10"]
[SourceTitle "CBM 212 Extra"]
[Source "ChessBase"]
[SourceDate "2023.03.31"]
[SourceVersion "1"]
[SourceVersionDate "2023.03.31"]
[SourceQuality "1"]

1. e4 e5 2. Nf3 Nc6 3. Bb5 a6 4. Ba4 Nf6 5. 0-0 Be7 6. Re1 b5 7. Bb3 d6 8. c3 0-0 9. h3 Na5 10. Bc2 c5 11. d4 Qc7 12. Nbd2 Bd7 13. Nf1 Nc4 14. b3 Nb6 15. d5 c4 16. Ba3 Nc8 17. Qd2 a5 18. Ne3 cxb3 19. axb3 Qb7 20. b4 Nb6 21. bxa5 Rxa5 22. Bxd6 Rxa1 23. Bxe7 Rxe1+ 24. Qxe1 Re8 25. Bd6 Nc4 26. Nxc4 bxc4 27. Qc1 Ra8 28. Bxe5 Ra2 29. Nd4 Ne8 30. Qf1 Qb2 31. Qxc4 Ra3 32. Qb4 Qxc3 33. Qxc3 Rxc3 34. f3 f6 35. Bg3 Rc4 36. Bf2 Nd6 37. Bd3 Rc1+ 38. Kh2 Rc3 39. Be2 Kf7 40. Be1 Rc1 41. Bb4 Nc8 42. f4 Rb1 43. Bd2 Nb6 44. Ba5 Ke7 45. Bd3 Rd1 46. Bxb6 Rxd3 47. e5 fxe5 48. fxe5 g6 49. Bc5+ Kd8 50. e6 Bc8 51. Nb5 Rd2 52. Nc3 Rd3 53. Ne4 Ba6 54. e7+ 1-0

[Event "Bamberg op 4th"]
[Site "Bamberg"]
[Date "2022.07.29"]
[Round "4"]
[White "Sanikidze, Tornike"]
[Black "Durak, Can"]
[Result "1-0"]
[WhiteElo "2420"]
[BlackElo "2221"]
[PlyCount "73"]
[EventDate "2022.07.27"]
[EventType "swiss"]
[EventRounds "9"]
[EventCountry "GER"]
[SourceTitle "EXT 2023"]
[Source "ChessBase"]
[SourceDate "2022.10.05"]
[SourceVersion "1"]
[SourceVersionDate "2022.10.05"]
[SourceQuality "1"]

1. d4 d5 2. c4 e6 3. Nc3 Nf6 4. cxd5 exd5 5. Bg5 c6 6. e3 Be7 7. Qc2 Nbd7 8. Bd3 Nh5 9. Bxe7 Qxe7 10. 0-0-0 g6 11. Nge2 Nb6 12. Rhe1 Ng7 13. Ng3 Be6 14. f3 0-0-0 15. Kb1 Kb8 16. Na4 Nxa4 17. Qxa4 h5 18. Ne2 Bf5 19. Nc1 Rc8 20. Nb3 b6 21. Bxf5 Nxf5 22. e4 dxe4 23. fxe4 Nd6 24. d5 cxd5 25. exd5 Qb7 26. Nd4 Rhe8 27. Nc6+ Ka8 28. Rxe8 Nxe8 29. Re1 Nd6 30. h3 Rc7 31. Qf4 Nc8 32. Nd8 Qb8 33. d6 Nxd6 34. Qxd6 Qc8 35. Qd5+ Kb8 36. Nxf7 Qg8 37. Nd6 1-0

[Event "Bamberg op 4th"]
[Site "Bamberg"]
[Date "2022.07.28"]
[Round "2"]
[White "Sanikidze, Tornike"]
[Black "Malkiel, Daniel E"]
[Result "1-0"]
[WhiteElo "2420"]
[BlackElo "2143"]
[PlyCount "67"]
[EventDate "2022.07.27"]
[EventType "swiss"]
[EventRounds "9"]
[EventCountry "GER"]
[SourceTitle "EXT 2023"]
[Source "ChessBase"]
[SourceDate "2022.10.05"]
[SourceVersion "1"]
[SourceVersionDate "2022.10.05"]
[SourceQuality "1"]

1. d4 e6 2. c4 Nf6 3. Nf3 Bb4+ 4. Bd2 Qe7 5. Nc3 0-0 6. g3 d6 7. Bg2 e5 8. 0-0 Re8 9. Qc2 Bxc3 10. Bxc3 e4 11. Ne1 Bf5 12. Qb3 b6 13. Nc2 Bg6 14. Ne3 Nbd7 15. Rac1 c5 16. Rfd1 Qe6 17. Rd2 h5 18. Rcd1 Ng4 19. Bh3 Ndf6 20. dxc5 dxc5 21. Bxf6 Qxf6 22. Bxg4 hxg4 23. Nxg4 Qf5 24. Ne3 Qh3 25. Rd5 f6 26. R1d2 Bf7 27. Rf5 Rad8 28. Qd1 Rxd2 29. Qxd2 Bxc4 30. Qd7 Bf7 31. Qxa7 Rd8 32. Qxb6 Rd2 33. Qb8+ Kh7 34. Rf4 1-0

[Event "Dortmund Sparkassen op 49th"]
[Site "Dortmund"]
[Date "2022.07.24"]
[Round "9"]
[White "Sanikidze, Tornike"]
[Black "Handke, Florian"]
[Result "1-0"]
[WhiteElo "2420"]
[BlackElo "2533"]
[PlyCount "91"]
[EventDate "2022.07.16"]
[EventType "swiss"]
[EventRounds "9"]
[EventCountry "GER"]
[SourceTitle "CBM 209 Extra"]
[Source "ChessBase"]
[SourceDate "2022.09.30"]
[SourceVersion "1"]
[SourceVersionDate "2022.09.30"]
[SourceQuality "1"]

1. d4 Nf6 2. c4 g6 3. Nc3 d5 4. cxd5 Nxd5 5. e4 Nxc3 6. bxc3 Bg7 7. Bc4 c5 8. Ne2 0-0 9. 0-0 Nc6 10. Be3 Bg4 11. f3 Bd7 12. Qd2 Rc8 13. Rac1 Qa5 14. Qb2 b6 15. f4 e6 16. Rfd1 Rfd8 17. Bf2 Be8 18. Bh4 Rd7 19. d5 exd5 20. exd5 Ne7 21. Bxe7 Rxe7 22. d6 Rb7 23. f5 Rd8 24. fxg6 hxg6 25. Nf4 Qa4 26. Qe2 Bb5 27. Bxb5 Qxf4 28. d7 Be5 29. g3 Qg5 30. Qf3 Rc7 31. Rf1 Rcxd7 32. Bxd7 Rxd7 33. Rcd1 Re7 34. Kg2 Kg7 35. Rfe1 Re6 36. Rd7 Rf6 37. Qe3 Bf4 38. Qe8 Bxg3 39. hxg3 Qf5 40. Rd2 Qf3+ 41. Kh2 Rf5 42. Rg2 Rh5+ 43. Kg1 Qxc3 44. Qe3 Qf6 45. Rf2 Qc6 46. Rh2 1-0

[Event "EU-ch 22nd"]
[Site "Terme Catez"]
[Date "2022.04.05"]
[Round "10"]
[White "Kanov, Nikola"]
[Black "Sanikidze, Tornike"]
[Result "0-1"]
[WhiteElo "2265"]
[BlackElo "2439"]
[PlyCount "126"]
[EventDate "2022.03.27"]
[EventType "swiss"]
[EventRounds "11"]
[EventCountry "SLO"]
[SourceTitle "CBM 208"]
[Source "ChessBase"]
[SourceDate "2022.06.30"]
[SourceVersion "1"]
[SourceVersionDate "2022.06.30"]
[SourceQuality "1"]

1. e4 c5 2. Nf3 d6 3. d4 cxd4 4. Nxd4 Nf6 5. Nc3 Nc6 6. Bg5 e6 7. Qd2 a6 8. 0-0-0 Bd7 9. f4 h6 10. Bh4 g5 11. fxg5 Ng4 12. Be2 Nge5 13. Nf3 Be7 14. Bf2 hxg5 15. Na4 g4 16. Nxe5 Nxe5 17. Nb6 Rb8 18. Nxd7 Qxd7 19. Kb1 Qc6 20. Bd4 Rg8 21. Qf4 Rc8 22. Rhf1 Qxc2+ 23. Ka1 Bg5 24. Qf2 Rc7 25. Bxe5 dxe5 26. Qb6 Be7 27. h3 Qc5 28. Qb3 Qc2 29. Qb6 Qc6 30. Qb3 Qxe4 31. Bxg4 Rg5 32. a3 Qc4 33. Qf3 f5 34. Bh5+ Kf8 35. g4 Bf6 36. Qe3 Qc5 37. Qb3 e4 38. gxf5 Rxh5 39. fxe6 Ke7 40. Rd7+ Rxd7 41. exd7 Rd5 42. d8Q+ Rxd8 43. Qxb7+ Rd7 44. Qxe4+ Qe5 45. Qh7+ Bg7 46. Qh4+ Ke8 47. Qf2 Kd8 48. Qb6+ Qc7 49. Qb3 Kc8 50. Kb1 Qb7 51. Qg8+ Kc7 52. Rc1+ Kb6 53. Qc4 Ka7 54. Rc2 Qb6 55. Ka2 Rb7 56. b4 Bd4 57. h4 Qf6 58. h5 Bb6 59. Qb3 Rg7 60. Rd2 Rg1 61. Rd7+ Kb8 62. Qd3 Rg2+ 63. Kb3 Rb2+ 0-1

[Event "EU-ch 22nd"]
[Site "Terme Catez"]
[Date "2022.04.03"]
[Round "8"]
[White "Kastelic, Marian"]
[Black "Sanikidze, Tornike"]
[Result "1/2-1/2"]
[WhiteElo "2287"]
[BlackElo "2439"]
[PlyCount "54"]
[EventDate "2022.03.27"]
[EventType "swiss"]
[EventRounds "11"]
[EventCountry "SLO"]
[SourceTitle "CBM 208"]
[Source "ChessBase"]
[SourceDate "2022.06.30"]
[SourceVersion "1"]
[SourceVersionDate "2022.06.30"]
[SourceQuality "1"]

1. d4 Nf6 2. c4 e6 3. Nf3 d5 4. Nc3 dxc4 5. e3 a6 6. a4 b6 7. Bxc4 Bb7 8. 0-0 Bb4 9. Qe2 Nbd7 10. Rd1 0-0 11. d5 exd5 12. Nxd5 Bd6 13. b3 Nxd5 14. Bxd5 Bxd5 15. Rxd5 Nc5 16. Qd1 Qf6 17. Ra2 Rad8 18. Rad2 Qc3 19. Ba3 Qxb3 20. Bxc5 Qxd1+ 21. Rxd1 bxc5 22. Ne5 Rfe8 23. Nc4 Re4 24. Nxd6 Rxd6 25. Rxd6 cxd6 26. Rxd6 f5 27. Rxa6 f4 1/2-1/2

[Event "EU-ch 22nd"]
[Site "Terme Catez"]
[Date "2022.03.29"]
[Round "3"]
[White "Sanikidze, Tornike"]
[Black "Laptii, Nazar"]
[Result "0-1"]
[WhiteElo "2439"]
[BlackElo "2180"]
[PlyCount "88"]
[EventDate "2022.03.27"]
[EventType "swiss"]
[EventRounds "11"]
[EventCountry "SLO"]
[SourceTitle "CBM 208"]
[Source "ChessBase"]
[SourceDate "2022.06.30"]
[SourceVersion "1"]
[SourceVersionDate "2022.06.30"]
[SourceQuality "1"]

1. Nf3 d5 2. c4 e6 3. g3 Nf6 4. Bg2 c6 5. b3 Nbd7 6. Bb2 Be7 7. 0-0 0-0 8. d3 a5 9. a3 b5 10. Qc2 Qb6 11. Nbd2 Bb7 12. e3 Rfc8 13. Rab1 Qd8 14. b4 bxc4 15. dxc4 c5 16. b5 a4 17. Rfd1 Qc7 18. Rbc1 Bd6 19. Qb1 Qb8 20. cxd5 exd5 21. Qf5 Re8 22. e4 d4 23. Re1 Bc8 24. Qg5 h6 25. Qh4 Nf8 26. e5 Ng6 27. exf6 Rxe1+ 28. Rxe1 Nxh4 29. Nxh4 Bb7 30. Bh3 g6 31. Bc1 Bd5 32. Bf1 Be5 33. Nc4 Bxf6 34. Bf4 Qxb5 35. Ne3 Qd7 36. Nxd5 Qxd5 37. Bg2 Qd8 38. Bxa8 Qxa8 39. Bxh6 c4 40. Ng2 Qf3 41. Nf4 Kh7 42. Bf8 g5 43. Ng2 d3 44. Bb4 c3 0-1